000 00691nam a22002417a 4500
003 UA-OsUOA
001 123986
007 ta
008 20170719b un ||||| |||| 00| 0 ukr d
100 _aПетин И. А.
090 _a343.23(470+571)
_bП29
942 _cBK
040 _aUA-OsUOA
_brus
_cUA-OsUOA
_dUA-OsUOA
245 _aМеханизм преступного насилия
300 _a343 с.
955 _a1
041 _arus
080 _a343.23(470+571)
020 _a5-94201-356-Х
260 _aСПб
_bЮридический центр Пресс
_c2004
650 7 _a343 Кримінальне право. Карні порушення
_2UDC
999 _c411191
_d411191